<?xml version="1.0" encoding="UTF-8"?>
<record
    xmlns:xsi="http://www.w3.org/2001/XMLSchema-instance"
    xsi:schemaLocation="http://www.loc.gov/MARC21/slim http://www.loc.gov/standards/marcxml/schema/MARC21slim.xsd"
    xmlns="http://www.loc.gov/MARC21/slim">

  <leader>03564nam a22003977a 4500</leader>
  <controlfield tag="005">20101005111245.0</controlfield>
  <datafield tag="010" ind1=" " ind2=" ">
    <subfield code="a">HIN-84329</subfield>
  </datafield>
  <datafield tag="020" ind1=" " ind2=" ">
    <subfield code="a">9788181437372</subfield>
    <subfield code="c">200.00</subfield>
  </datafield>
  <datafield tag="035" ind1=" " ind2=" ">
    <subfield code="a">HN-56675</subfield>
  </datafield>
  <datafield tag="035" ind1=" " ind2=" ">
    <subfield code="a">B-400819-827</subfield>
  </datafield>
  <datafield tag="037" ind1=" " ind2=" ">
    <subfield code="b">DBAD / PUB</subfield>
  </datafield>
  <datafield tag="037" ind1=" " ind2=" ">
    <subfield code="b">&#x935;&#x93E;&#x923;&#x940; &#x92A;&#x94D;&#x930;&#x915;&#x93E;&#x936;&#x928;/ PUB</subfield>
  </datafield>
  <datafield tag="082" ind1=" " ind2=" ">
    <subfield code="a">824</subfield>
  </datafield>
  <datafield tag="100" ind1=" " ind2=" ">
    <subfield code="a">&#x92E;&#x93F;&#x936;&#x94D;&#x930;, &#x935;&#x93F;&#x926;&#x94D;&#x92F;&#x93E;&#x928;&#x93F;&#x935;&#x93E;&#x938;</subfield>
    <subfield code="9">22838</subfield>
  </datafield>
  <datafield tag="245" ind1=" " ind2=" ">
    <subfield code="a">&#x905;&#x91C;&#x94D;&#x91E;&#x947;&#x92F;&#x903; &#x935;&#x928; &#x915;&#x93E; &#x91B;&#x902;&#x926; / </subfield>
    <subfield code="c">&#x935;&#x93F;&#x926;&#x94D;&#x92F;&#x93E;&#x928;&#x93F;&#x935;&#x93E;&#x938; &#x92E;&#x93F;&#x936;&#x94D;&#x930;; &#x917;&#x93F;&#x930;&#x940;&#x936;&#x94D;&#x935;&#x930; &#x92E;&#x93F;&#x936;&#x94D;&#x930; &#x90F;&#x935;&#x902; &#x917;&#x923;&#x947;&#x936; &#x936;&#x941;&#x915;&#x94D;&#x932; &#x926;&#x94D;&#x935;&#x93E;&#x930;&#x93E; &#x938;&#x902;&#x91A;&#x92F;&#x93F;&#x924; &#x90F;&#x935;&#x902; &#x938;&#x902;&#x92A;&#x93E;&#x926;&#x93F;&#x924; </subfield>
  </datafield>
  <datafield tag="246" ind1=" " ind2=" ">
    <subfield code="a">Ageya : vana kaa chhanada</subfield>
    <subfield code="b">by Vidyanivas Mishra</subfield>
  </datafield>
  <datafield tag="260" ind1=" " ind2=" ">
    <subfield code="a">&#x928;&#x908; &#x926;&#x93F;&#x932;&#x94D;&#x932;&#x940;</subfield>
    <subfield code="b">&#x935;&#x93E;&#x923;&#x940; &#x92A;&#x94D;&#x930;&#x915;&#x93E;&#x936;&#x928;</subfield>
    <subfield code="c">2008</subfield>
  </datafield>
  <datafield tag="270" ind1=" " ind2=" ">
    <subfield code="a">21-&#x90F;, &#x926;&#x930;&#x93F;&#x92F;&#x93E;&#x917;&#x902;&#x91C;</subfield>
    <subfield code="b">&#x928;&#x908; &#x926;&#x93F;&#x932;&#x94D;&#x932;&#x940;</subfield>
    <subfield code="e">110002</subfield>
    <subfield code="k">011 23273167, 23275710</subfield>
    <subfield code="l">011 23275710</subfield>
    <subfield code="m">vaniprakashan@gmail.com</subfield>
  </datafield>
  <datafield tag="300" ind1=" " ind2=" ">
    <subfield code="a">136&#x92A;&#x943;</subfield>
    <subfield code="c">22&#x938;&#x947;&#x92E;&#x940; (&#x938;&#x91C;&#x93F;&#x932;&#x94D;&#x926;)</subfield>
  </datafield>
  <datafield tag="650" ind1=" " ind2=" ">
    <subfield code="a">&#x939;&#x93F;&#x928;&#x94D;&#x926;&#x940; &#x928;&#x93F;&#x92C;&#x902;&#x927;</subfield>
    <subfield code="9">22839</subfield>
  </datafield>
  <datafield tag="650" ind1=" " ind2=" ">
    <subfield code="a">Hindi essays</subfield>
    <subfield code="9">22840</subfield>
  </datafield>
  <datafield tag="700" ind1=" " ind2=" ">
    <subfield code="a">&#x92E;&#x93F;&#x936;&#x94D;&#x930;, &#x917;&#x93F;&#x930;&#x940;&#x936;&#x94D;&#x935;&#x930;</subfield>
    <subfield code="9">22785</subfield>
  </datafield>
  <datafield tag="700" ind1=" " ind2=" ">
    <subfield code="a">&#x936;&#x941;&#x915;&#x94D;&#x932;, &#x917;&#x923;&#x947;&#x936;</subfield>
    <subfield code="9">22786</subfield>
  </datafield>
  <datafield tag="942" ind1=" " ind2=" ">
    <subfield code="2">ddc</subfield>
    <subfield code="c">HN</subfield>
    <subfield code="m">&#x92E;&#x93F;&#x936;&#x94D;&#x930;&#x935;&#x93F;</subfield>
    <subfield code="h">824</subfield>
  </datafield>
  <datafield tag="999" ind1=" " ind2=" ">
    <subfield code="c">16495</subfield>
    <subfield code="d">16495</subfield>
  </datafield>
  <datafield tag="952" ind1=" " ind2=" ">
    <subfield code="0">0</subfield>
    <subfield code="1">0</subfield>
    <subfield code="2">ddc</subfield>
    <subfield code="4">0</subfield>
    <subfield code="7">1</subfield>
    <subfield code="8">NFIC</subfield>
    <subfield code="a">DBAD</subfield>
    <subfield code="b">DBAD</subfield>
    <subfield code="d">2008-10-10</subfield>
    <subfield code="e">DBAD / PUB</subfield>
    <subfield code="g">200.00</subfield>
    <subfield code="l">0</subfield>
    <subfield code="o">824 &#x92E;&#x93F;&#x936;&#x94D;&#x930;&#x935;&#x93F;</subfield>
    <subfield code="p">HN-56675</subfield>
    <subfield code="r">2008-10-10 00:00:00</subfield>
    <subfield code="t">1</subfield>
    <subfield code="v">200.00</subfield>
    <subfield code="w">2008-10-10</subfield>
    <subfield code="y">HN</subfield>
  </datafield>
  <datafield tag="952" ind1=" " ind2=" ">
    <subfield code="0">0</subfield>
    <subfield code="1">0</subfield>
    <subfield code="4">0</subfield>
    <subfield code="7">0</subfield>
    <subfield code="8">NFIC</subfield>
    <subfield code="a">L</subfield>
    <subfield code="b">L</subfield>
    <subfield code="d">2010-10-05</subfield>
    <subfield code="e">&#x935;&#x93E;&#x923;&#x940; &#x92A;&#x94D;&#x930;&#x915;&#x93E;&#x936;&#x928;/603/27.3.10/586/17.3.10/31.3.10</subfield>
    <subfield code="g">200.00</subfield>
    <subfield code="l">0</subfield>
    <subfield code="o">824 &#x92E;&#x93F;&#x936;&#x94D;&#x930;&#x935;&#x93F;</subfield>
    <subfield code="p">B-400819</subfield>
    <subfield code="r">2010-10-05 00:00:00</subfield>
    <subfield code="t">1</subfield>
    <subfield code="v">200.00</subfield>
    <subfield code="w">2010-10-05</subfield>
    <subfield code="y">HN</subfield>
  </datafield>
  <datafield tag="952" ind1=" " ind2=" ">
    <subfield code="0">0</subfield>
    <subfield code="1">0</subfield>
    <subfield code="4">0</subfield>
    <subfield code="7">0</subfield>
    <subfield code="8">NFIC</subfield>
    <subfield code="a">M</subfield>
    <subfield code="b">M</subfield>
    <subfield code="d">2010-10-05</subfield>
    <subfield code="e">&#x935;&#x93E;&#x923;&#x940; &#x92A;&#x94D;&#x930;&#x915;&#x93E;&#x936;&#x928;/603/27.3.10/586/17.3.10/31.3.10</subfield>
    <subfield code="g">200.00</subfield>
    <subfield code="l">0</subfield>
    <subfield code="o">824 &#x92E;&#x93F;&#x936;&#x94D;&#x930;&#x935;&#x93F;</subfield>
    <subfield code="p">B-400820</subfield>
    <subfield code="r">2010-10-05 00:00:00</subfield>
    <subfield code="t">2</subfield>
    <subfield code="v">200.00</subfield>
    <subfield code="w">2010-10-05</subfield>
    <subfield code="y">HN</subfield>
  </datafield>
  <datafield tag="952" ind1=" " ind2=" ">
    <subfield code="0">0</subfield>
    <subfield code="1">0</subfield>
    <subfield code="4">0</subfield>
    <subfield code="7">0</subfield>
    <subfield code="8">NFIC</subfield>
    <subfield code="a">M</subfield>
    <subfield code="b">M</subfield>
    <subfield code="d">2010-10-05</subfield>
    <subfield code="e">&#x935;&#x93E;&#x923;&#x940; &#x92A;&#x94D;&#x930;&#x915;&#x93E;&#x936;&#x928;/603/27.3.10/586/17.3.10/31.3.10</subfield>
    <subfield code="g">200.00</subfield>
    <subfield code="l">3</subfield>
    <subfield code="m">1</subfield>
    <subfield code="o">824 &#x92E;&#x93F;&#x936;&#x94D;&#x930;&#x935;&#x93F;</subfield>
    <subfield code="p">B-400821</subfield>
    <subfield code="q">2045-06-01</subfield>
    <subfield code="r">2018-01-15 00:00:00</subfield>
    <subfield code="s">2018-01-15</subfield>
    <subfield code="t">2</subfield>
    <subfield code="w">2010-10-05</subfield>
    <subfield code="y">HN</subfield>
  </datafield>
  <datafield tag="952" ind1=" " ind2=" ">
    <subfield code="0">0</subfield>
    <subfield code="1">0</subfield>
    <subfield code="4">0</subfield>
    <subfield code="7">0</subfield>
    <subfield code="8">NFIC</subfield>
    <subfield code="a">NPL</subfield>
    <subfield code="b">NPL</subfield>
    <subfield code="d">2010-10-05</subfield>
    <subfield code="e">&#x935;&#x93E;&#x923;&#x940; &#x92A;&#x94D;&#x930;&#x915;&#x93E;&#x936;&#x928;/603/27.3.10/586/17.3.10/31.3.10</subfield>
    <subfield code="g">200.00</subfield>
    <subfield code="l">0</subfield>
    <subfield code="o">824 &#x92E;&#x93F;&#x936;&#x94D;&#x930;&#x935;&#x93F;</subfield>
    <subfield code="p">B-400822</subfield>
    <subfield code="r">2010-10-05 00:00:00</subfield>
    <subfield code="t">1</subfield>
    <subfield code="v">200.00</subfield>
    <subfield code="w">2010-10-05</subfield>
    <subfield code="y">HN</subfield>
  </datafield>
  <datafield tag="952" ind1=" " ind2=" ">
    <subfield code="0">0</subfield>
    <subfield code="1">0</subfield>
    <subfield code="4">0</subfield>
    <subfield code="7">0</subfield>
    <subfield code="8">NFIC</subfield>
    <subfield code="a">BL1</subfield>
    <subfield code="b">BL1</subfield>
    <subfield code="d">2010-10-05</subfield>
    <subfield code="e">&#x935;&#x93E;&#x923;&#x940; &#x92A;&#x94D;&#x930;&#x915;&#x93E;&#x936;&#x928;/603/27.3.10/586/17.3.10/31.3.10</subfield>
    <subfield code="g">200.00</subfield>
    <subfield code="l">0</subfield>
    <subfield code="o">824 &#x92E;&#x93F;&#x936;&#x94D;&#x930;&#x935;&#x93F;</subfield>
    <subfield code="p">B-400823</subfield>
    <subfield code="r">2010-10-05 00:00:00</subfield>
    <subfield code="t">1</subfield>
    <subfield code="v">200.00</subfield>
    <subfield code="w">2010-10-05</subfield>
    <subfield code="y">HN</subfield>
  </datafield>
  <datafield tag="952" ind1=" " ind2=" ">
    <subfield code="0">0</subfield>
    <subfield code="1">0</subfield>
    <subfield code="4">0</subfield>
    <subfield code="7">0</subfield>
    <subfield code="8">NFIC</subfield>
    <subfield code="a">ZLS</subfield>
    <subfield code="b">ZLS</subfield>
    <subfield code="d">2010-10-05</subfield>
    <subfield code="e">&#x935;&#x93E;&#x923;&#x940; &#x92A;&#x94D;&#x930;&#x915;&#x93E;&#x936;&#x928;/603/27.3.10/586/17.3.10/31.3.10</subfield>
    <subfield code="g">200.00</subfield>
    <subfield code="l">0</subfield>
    <subfield code="o">824 &#x92E;&#x93F;&#x936;&#x94D;&#x930;&#x935;&#x93F;</subfield>
    <subfield code="p">B-400825</subfield>
    <subfield code="r">2010-10-05 00:00:00</subfield>
    <subfield code="t">1</subfield>
    <subfield code="v">200.00</subfield>
    <subfield code="w">2010-10-05</subfield>
    <subfield code="y">HN</subfield>
  </datafield>
  <datafield tag="952" ind1=" " ind2=" ">
    <subfield code="0">0</subfield>
    <subfield code="1">0</subfield>
    <subfield code="4">0</subfield>
    <subfield code="7">0</subfield>
    <subfield code="8">NFIC</subfield>
    <subfield code="a">VP</subfield>
    <subfield code="b">VP</subfield>
    <subfield code="d">2010-10-05</subfield>
    <subfield code="e">&#x935;&#x93E;&#x923;&#x940; &#x92A;&#x94D;&#x930;&#x915;&#x93E;&#x936;&#x928;/603/27.3.10/586/17.3.10/31.3.10</subfield>
    <subfield code="g">200.00</subfield>
    <subfield code="l">0</subfield>
    <subfield code="o">824 &#x92E;&#x93F;&#x936;&#x94D;&#x930;&#x935;&#x93F;</subfield>
    <subfield code="p">B-400826</subfield>
    <subfield code="r">2010-10-05 00:00:00</subfield>
    <subfield code="t">1</subfield>
    <subfield code="v">200.00</subfield>
    <subfield code="w">2010-10-05</subfield>
    <subfield code="y">HN</subfield>
  </datafield>
  <datafield tag="952" ind1=" " ind2=" ">
    <subfield code="0">0</subfield>
    <subfield code="1">0</subfield>
    <subfield code="4">0</subfield>
    <subfield code="7">0</subfield>
    <subfield code="8">NFIC</subfield>
    <subfield code="a">BL4</subfield>
    <subfield code="b">BL4</subfield>
    <subfield code="d">2010-10-05</subfield>
    <subfield code="e">&#x935;&#x93E;&#x923;&#x940; &#x92A;&#x94D;&#x930;&#x915;&#x93E;&#x936;&#x928;/603/27.3.10/586/17.3.10/31.3.10</subfield>
    <subfield code="g">200.00</subfield>
    <subfield code="l">0</subfield>
    <subfield code="o">824 &#x92E;&#x93F;&#x936;&#x94D;&#x930;&#x935;&#x93F;</subfield>
    <subfield code="p">B-400827</subfield>
    <subfield code="r">2010-10-05 00:00:00</subfield>
    <subfield code="t">1</subfield>
    <subfield code="v">200.00</subfield>
    <subfield code="w">2010-10-05</subfield>
    <subfield code="y">HN</subfield>
  </datafield>
  <datafield tag="952" ind1=" " ind2=" ">
    <subfield code="0">0</subfield>
    <subfield code="1">0</subfield>
    <subfield code="4">0</subfield>
    <subfield code="7">0</subfield>
    <subfield code="8">NFIC</subfield>
    <subfield code="a">JP</subfield>
    <subfield code="b">JP</subfield>
    <subfield code="d">2010-10-05</subfield>
    <subfield code="e">&#x935;&#x93E;&#x923;&#x940; &#x92A;&#x94D;&#x930;&#x915;&#x93E;&#x936;&#x928;/603/27.3.10/586/17.3.10/31.3.10</subfield>
    <subfield code="g">200.00</subfield>
    <subfield code="l">1</subfield>
    <subfield code="o">824 &#x92E;&#x93F;&#x936;&#x94D;&#x930;&#x935;&#x93F;</subfield>
    <subfield code="p">B-400824</subfield>
    <subfield code="r">2023-09-04 00:00:00</subfield>
    <subfield code="s">2023-08-21</subfield>
    <subfield code="t">1</subfield>
    <subfield code="v">200.00</subfield>
    <subfield code="w">2010-10-05</subfield>
    <subfield code="y">HN</subfield>
  </datafield>
</record>
